000 00753nam a2200217 a 4500
001 71606
003 BD-RjUL
005 20211209082132.0
008 170506s1881 ii af b 000 1 benrd
035 _a(BD-RjUL)71822
040 _aDLC
_cDLC
_dDLC
_d(BD-RjUL
_beng
041 _aeng
082 _a111.85
_b SAC 1881
_223
100 1 _a সামন্ত, কানাই
_9127291
245 _aচিত্র দর্শন /
_cকানাই সামন্ত
260 _cকিলিকাতা :
_aবিদ্যোদয় লাইব্রেরী,
_b১৮৮১
300 _a২১১ পৃ
_bচিত্র
_c২৫ সেমি
650 _aনন্দনতত্ব
_9211885
650 _aAesthetics
_9211886
942 _2ddc
_cBK
999 _c71606
_d71606